| 000 | 01323nam a22003617a 4500 | ||
|---|---|---|---|
| 003 | CHAP | ||
| 005 | 20220329143311.0 | ||
| 008 | 080325d1999 es ad r 00110 spa d | ||
| 010 | _a94630 | ||
| 011 | _a95602 | ||
| 020 | _a8420008699 | ||
| 035 | _a106229 | ||
| 040 | _cCHAP | ||
| 082 | 0 | 4 |
_a663.6 _bA8 |
| 100 | 0 | 0 |
_aAshurst, Philip R. _e, ed. _97936 |
| 245 | 1 | 0 |
_aProducción y envasado de zumos y bebidas de frutas sin gas _c/ed. por Philip R. Ashurst |
| 260 |
_aZaragoza : _bAcribia, _c1999 |
||
| 300 |
_axvi, 415 p. : _bilus. ; gráfs. ; tablas ; diagramas |
||
| 500 | _aTrad de : Production and packaging of non-carbonated fruit juices and fruit beverages, 2 ed. c1995 | ||
| 590 |
_aBATCH-UPD _b10 _c20130110 _lUCH01 _h0531 |
||
| 590 |
_aBATCH-UPD _b10 _c20130410 _lUCH01 _h0211 |
||
| 590 |
_aBATCH-UPD _b10 _c20130914 _lUCH01 _h0419 |
||
| 590 |
_aCONVERSION _b10 _c20130109 _lUCH01 _h1352 |
||
| 650 | 1 | 4 |
_aBebidas. _911110 |
| 650 | 1 | 4 |
_aBebidas _xIndustria. _911113 |
| 650 | 1 | 4 |
_aFruta _xIndustria. _943625 |
| 650 | 1 | 4 |
_aJugos de fruta concentrados _xNormas de calidad. _962312 |
| 650 | 1 | 4 |
_aJugos de fruta _xEnlatado y conservación. _962309 |
| 650 | 1 | 4 |
_aJugos de fruta _xIndustria. _962310 |
| 901 | _aBK | ||
| 942 | _cLIBRO | ||
| 949 |
_a663.6 A8 _bBC _cLIBRO _d33724002043082 _eLIBRO _gI.c/e _h109325 _i106229 _si _t$585.00 |
||
| 999 |
_c94630 _d94630 |
||